000 00422nam a2200181Ia 4500
001 24520
005 20260414151049.0
008 260414t2007||||xx |||||||||||||| ||spa||
041 _aESP
082 _a345.72
_bB22
100 _aBandieri, Luis María
_eAUT
245 0 _aLa mediación tópica
_b
260 _c2007
300 _a215 páginas,
_c23 cm.
650 _aDER
654 _aCDE
942 _cLIB
_dJUS
_fJUS
_2ddc
_n
999 _c24520
_d24520